Štatistická analýza poskytnutých sociálnych dávok a dotácií v jednotlivých regiónoch Slovenska diplomová práca

Guardado en:
Detalles Bibliográficos
Autor principal: Szekeres, Péter
Autor Corporativo: Fakulta hospodárskej informatiky EU. Katedra štatistiky
Otros Autores: Karasová, Katarína, 1989-
Formato: Libro
Lenguaje:eslovaco
Publicado: Bratislava 2019
Etiquetas: Agregar Etiqueta
Sin Etiquetas, Sea el primero en etiquetar este registro!

MARC

LEADER 00000nbm a2200000 4500
001 0254179
005 20191205140249.0
041 0 |a slo 
044 |a SK 
245 1 0 |a Štatistická analýza poskytnutých sociálnych dávok a dotácií v jednotlivých regiónoch Slovenska  |b diplomová práca  |c Péter Szekeres ; školiteľ: Katarína Karasová 
264 1 |a Bratislava  |c 2019 
300 |a 70 s. 
100 1 |a Szekeres, Péter 
700 1 |a Karasová, Katarína, 1989- 
710 2 |a Fakulta hospodárskej informatiky EU. Katedra štatistiky